[Event "EU-ch 12th"]
[Site "Aix les Bains"]
[Date "2011.03.24"]
[Round "3"]
[White "Guseinov, Gadir"]
[Black "Nielsen, Peter Heine"]
[Result "1-0"]
[WhiteElo "2584"]
[BlackElo "2670"]
[Annotator "Nielsen,Peter Heine"]
[PlyCount "113"]
[EventDate "2011.03.22"]
[EventType "swiss"]
[EventRounds "11"]
[EventCountry "FRA"]
[SourceTitle "CBM 142 Extra"]
[Source "ChessBase"]
[SourceDate "2011.06.27"]
[SourceVersion "1"]
[SourceVersionDate "2011.06.27"]
[SourceQuality "1"]

1. e4 c5 2. Nf3 d6 3. d4 cxd4 4. Nxd4 Nf6 5. Nc3 a6 6. Bg5 e6 7. f4 h6 $5 8.
Bh4 Qb6 {The latest trend. While 7....h6 might be rare, connecting it with 8...
Qb6 , making a delayed poisoned pawn, only very recently caught attention due
to Areshchenko and Morozevich's efforts. That's of course discounting that Tal
played it in 1958!} 9. Qd2 (9. a3 {Black's move order has some up-sides, 9.a3
however definitely is a down-side. Compared to the normal lines without the
inclusion of ...h6 and Bh4 now the inclusion heavily favours White, as Bf2
next is possible, making the b6-square uncomfortable for the black queen. In
Berg-Zhu Chen (who is coached by Morozevich!) there followed:} Nbd7 10. Bf2 Qc7
11. Qf3 e5 $6 (11... b5 {This must be the critical move, as the usual 12 e5?!
Bb7 works here too.}) 12. Nf5 b5 13. O-O-O g6 14. Ne3 Bb7 15. Bh4 Be7 16. g3
Rc8 17. Bxf6 Nxf6 18. Bh3 Rd8 19. Ned5 Nxd5 20. Nxd5 Bxd5 21. Rxd5 {was very
pleasant for White.}) (9. Qd3 Qxb2 10. Rb1 Qa3 11. f5 Be7 12. Be2 $2 (12. fxe6
{is critical, as in the line without the inclusion of ...h6/Bh4.}) 12... Nxe4
$1 {Occurred the day before my game in Vedmedjuc-Wojtaszek. Actually in the
same tournament, but as we played in different hall, and game files were
updated with a day's delay, I was unaware that my fellow second also chose 7...
h6!}) (9. Nb3 Qe3+ 10. Be2 {Quite interestingly Tal won this with either
colour in 1958.} Qxf4 (10... Nxe4 $1 11. Nxe4 Qxf4 {is the suggestion of
modern technology, which does indeed look good for Black.}) 11. Bg3 Qe3 12.
Bxd6 Nc6 13. Rf1 (13. Bxf8 {Two rounds later Tal was Black against Fichtl, who
might have played a better move, yet fared much worse.} Rxf8 14. Qd2 Qxd2+ 15.
Kxd2 Bd7 16. Ke3 O-O-O $15 {When the Magician showed he also could win by
technical means.}) 13... Nxe4 14. Nxe4 Qxe4 15. Bxf8 Rxf8 16. Kf2 {Tal won
famously like this with White, as} Bd7 $4 {was punished by:} (16... Qe5 $15)
17. Qxd7+ $1 Kxd7 18. Nc5+) 9... Qxb2 10. Nb3 $6 {Guseinov usually plays this
against the poisoned, pawn, which is why I aimed for it, as here the details
definitely work in Black's favour.} (10. Rb1 Qa3 11. f5 (11. e5 {This was
played in Nisipeanu-Wojtaszek a few days later, and is just a straight
transposition to main lines of the poisoned pawn.}) 11... Be7 $5 {Again the
point, as shown in Vallejo-Morozevich.} 12. fxe6 fxe6 13. Bc4 Nxe4 $1 14. Nxe4
Bxh4+ 15. g3 Bg5 {held perfectly well for Black, if anything he was slightly
better after:} 16. Nxg5 hxg5 17. Nxe6 Bxe6 18. Bxe6 Qxg3+ $1 19. hxg3 Rxh1+ 20.
Ke2 Rh2+ 21. Ke1 Rxd2 22. Kxd2 Ra7 $15) 10... Be7 $1 {This is the point,
immediately threatening 11...Nxe4 and Guseinov already faces a difficult over
the board decision.} 11. e5 (11. Bf2 {was the only moved played before this
game; it seems unconvincing, after eg:} Qa3 $15) (11. a3 {also seems
insufficient, but forces Black to make a couple of only moves due to the
threats of Na4/d1 or Ra2.} Nxe4 $1 12. Nxe4 Bxh4+ 13. g3 Bf6 $1 14. Nxd6+ Ke7 {
Threatening ...Bc3.} 15. Ne4 Rd8 $1 $17 {and Black comes out on top again.}) (
11. Bxf6 Bxf6 12. Na4 Qa3 13. Nb6 Bxa1 14. Nxa1 Qc5 15. Nxa8 b5) 11... dxe5 12.
a3 $6 {Extremely ambitious, but at least forcing me to think on my own.} (12.
Bxf6 Bxf6 13. Na4 Qa3 14. Nb6 O-O $5 $132 {was what I mainly prepared,
concluding Black was just better.}) 12... exf4 $1 {After a serious think I
decided greed was in order. Actually lack of decent alternatives led me to the
solution. The only other idea Black has is:} (12... Nd5 {but} 13. Na4 Bxh4+ 14.
g3 Qxa1+ 15. Nxa1 Bd8 {despite definitely being decent for Black, still didn't
appeal to me, as the white queen could become a factor, a theme we
unfortunately return to later in the game...}) 13. Bf2 $1 (13. Ra2 $2 {might
look like White's point, but it runs into the basic point of Black's 7...h6
concept, that the bishop on h4 is loose.} Ne4 $1 {Winning on the spot.} 14.
Rxb2 Bxh4+ $1 15. g3 Nxd2 {with a handful of extra pawns for Black.}) 13... Nd5
(13... Bxa3 $1 {This amazing move works, and pretty much ends the game
immediately. I rejected it due to} 14. Ra2 {, but again tactics come to the
rescue:} Ne4 $1 15. Rxb2 Nxd2 $17 {and the fact that the rook on b2 is hanging
makes the difference.}) 14. Bd4 {This was his point, and dark coluds are
indeed gathering around the black queen.} Bh4+ $6 (14... Nc6 $1 {I was
considering this move, but rejected it for a number of reasons. Wrongly.} 15.
Nxd5 {This was my main worry.} (15. Bxg7 Bh4+ $1 16. g3 fxg3 {Now is
completely winning for Black. Funnily enough, it helps Black that the bishop
is hanging on g7, so the knight on c3 is pinned!} 17. Bg2 (17. hxg3 Bxg3+ 18.
Kd1 Rg8 $1 19. Nxd5 Qxg7 $19 {and the bishop on g3 covers c7.}) 17... gxh2+ 18.
Kf1 Bg5 $1 $19 {followed by ...Ne3+}) 15... Nxd4 16. Nc7+ Kf8 17. Qxd4 Qxd4 18.
Nxd4 {I assumed pleasant for Black, actually it is however just winning.} Ra7
$1 {There now is no defence, to b5 or b6, collecting the stranded knight on c7,
leaving Black at least a clear pawn up.}) 15. g3 fxg3 (15... Nc6 $1 {As usual,
this is pretty strong.}) 16. hxg3 $2 (16. Bg2 $1 {This was a much better
chance, when Black might still be ok, but only in scenarios with rook and lots
of pawns vs. a queen.} gxh2+ (16... Bg5 {I thought this winning, but} 17. Qd3
Nf4 18. Qd2 $1 {amazingly forces Black to repeat, which he can do with 4
different knight moves though!}) 17. Kf1 Nc6 $1 (17... Bg5 $6 18. Qd3 Nf4 19.
Qc4 $1 {As g2 now is protected, this becomes possible.}) 18. Ra2 Bg5 19. Qd3
Qxa2 20. Nxa2 Nxd4 21. Qxd4 Ne3+ 22. Kf2 O-O {and I would assume Black to be
better.}) 16... Bxg3+ $6 {Amazingly a mistake, correct again was:} (16... Nc6
$1 {Actually things are so bad for White that it is hard to even suggest a
possible line.} 17. Bxg7 (17. Rxh4 Nxd4 {and due to the threat of ...Nf3+
Black has time for ...Qxc3 next.}) 17... Bxg3+ 18. Kd1 Rg8 {transposes to
above, and just wins.}) 17. Kd1 e5 $1 18. Nxd5 (18. Na4 $5 exd4 19. Nxb2 Bg4+
$1 20. Be2 (20. Kc1 Bf4 $1) 20... Nc3+ 21. Kc1 Nxe2+ 22. Kb1 Nc3+ 23. Kc1 {
I thought much better for Black, as long as he do not fall for:} Bf4 $4 24.
Re1+ $1 {Protecting the e2-square with check.}) 18... exd4 19. Bh3 $5 (19. Qd3
$1 {Preventing the saving ...d3+ tactics in the line below, and actually
putting up a real fight.} Bd6 (19... Be6 $1 20. Qxg3 Bxd5 21. Qxg7 Rf8 22. Qe5+
Be6 23. Qxd4 Qxd4+ 24. Nxd4 {and despite the fact that White has got 2 pawns
back, and will collect h6 next, he was 4(!) pawns down , and thus still is
behind, yet however with realistic drawing chances.}) 20. Nb6 O-O 21. Na4 $1) (
19. Nb6 O-O 20. Nxa8 (20. Na4 Bg4+ 21. Be2 Bxe2+ 22. Qxe2 d3 $1)) 19... Nc6 $1
{Finally, and as usual, it wins.} 20. Nb6 O-O $4 (20... d3 $1 {Not wanting to
allow any checks, I postponed this move, that liberates the black queen.} 21.
Qe3+ (21. Nxa8 O-O $1 {is what I was aiming for and transposes to below.}) (21.
Bxc8 O-O {is crushing as White is too exposed, and luckily can only take 1
black piece at a time, leaving enough black pieces for a deadly counter-attack.
}) 21... Be6 {is immediately over due to the threat of ...dxc2+, and other
checks are not really to be seen either, as the e1-square is protected.}) {
Here my opponent touched the knight on b6, and much to my amazement he did not
take the rook on a8, but put it somewhere else:} 21. Na4 $1 (21. Nxa8 $2 d3 $1
{not only opens a path for the black queen, but just more importantly, opens
the d-file with a direct route to the white king.} 22. Qxd3 Rd8 23. Qxd8+ Nxd8
24. Bxc8 Nc6 {Quite an interesting position. White has 2 rooks and a knight
for a queen and 3 pawns, however more importantly he can't defend the black
squares around his king, and Black wins in a direct attack. For a start, ...
Nd4 next can't be prevented.}) 21... Qxa1+ {The sad reality dawned on me, yet
my opponent's time pressure, basically being down to the increment, gave me
some hope.} 22. Nxa1 Be5 23. Nb3 Bf6 24. Nb6 Bxh3 25. Rxh3 Rad8 26. Qg2 Ne5 27.
Nd2 Ng6 28. Qxb7 $1 {Short of time, he shows no fear, and starts collecting my
loose pawns, not fearing an imaginary attack.} Rfe8 29. Rf3 Re7 (29... Ne5 $5
30. Rxf6 $1 gxf6 31. Qxa6 {also looks pretty hopeless.}) 30. Qxa6 Re6 31. Qb7
Re7 32. Qa6 Re6 33. a4 $1 {Having gained extra time, and gotten closer to move
40, he of course goes for the full point.} Ne5 34. Rg3 d3 $6 35. cxd3 $1 {
Not seeing any ghost, despite being very short of time, White collects.} Bh4
36. Rh3 Bf2 37. a5 Nd7 38. Rf3 Bxb6 39. axb6 Rxb6 40. Qa7 {The time control
has been made, and White is easily winning.} Rbb8 41. Rf5 Ra8 42. Qc7 Nf6 43.
Ra5 $1 Rac8 44. Qb7 Rb8 45. Qf3 Nh7 46. Ne4 Rd7 47. Nc5 Rdd8 48. Ne4 Rd7 49.
Kd2 Rbd8 50. Ra1 Nf8 51. Nc5 Rc7 52. Ra5 Kh7 $6 53. Ra8 $1 {Forcing off rooks,
ending any, even moderate resistance.} Rxa8 54. Qxa8 Rxc5 55. Qxf8 Rf5 56. d4
h5 57. Qe7 {Despite the negative results in the game for me, and one can only
respect my opponent's fighting abilities, 7...h6 and 8...Qb6 is an interesting
trend in the sharpest line of the Najdorf, which I'm sure will develop in the
very near future.} 1-0

[Event "Buenos Aires Konex International"]
[Site "Buenos Aires"]
[Date "1979.07.25"]
[Round "10"]
[White "Liberzon, Vladimir Mikhailovi"]
[Black "Ljubojevic, Ljubomir"]
[Result "0-1"]
[WhiteElo "2515"]
[BlackElo "2590"]
[Annotator "Notkin,M"]
[PlyCount "60"]
[EventDate "1979.07.12"]
[EventType "tourn"]
[EventRounds "13"]
[EventCountry "ARG"]
[EventCategory "10"]
[SourceTitle "MCL"]
[Source "ChessBase"]
[SourceDate "1999.07.01"]
[SourceVersion "1"]
[SourceVersionDate "1999.07.01"]
[SourceQuality "1"]

1. e4 c5 2. Nf3 d6 3. d4 Nf6 4. Nc3 cxd4 5. Nxd4 a6 6. Bg5 e6 7. f4 b5 8. e5
dxe5 9. fxe5 Qc7 10. Qe2 Nfd7 11. O-O-O Bb7 12. Nxe6 fxe6 13. Qh5+ g6 14. Qg4
Be7 (14... Qxe5 15. Bd3 Be7 16. Bxe7 Kxe7 17. Rhe1 h5 18. Qxg6 Qf4+ 19. Kb1 Qg4
20. Rxe6+ Qxe6 21. Qg7+ Kd8 22. Qxh8+ Kc7 23. Qxh5 Bxg2 $13 {Gruenfeld,Y-Van
der Vliet,F/Amsterdam/1982/1:0/41/}) 15. Bxe7 Nxe5 (15... Kxe7 16. Qg5+ $5 {
/\Bb5->/}) 16. Qg3 Kxe7 17. Bxb5 Rc8 18. Rhf1 $2 (18. Qh4+ Kf8 19. Qf6+ Kg8 20.
Qxe6+ Kg7 21. Ba4 Bxg2 22. Rhf1 $1 $16 {Gonzalez,N-Hernandez,J/CUB/1981/1:0/35/
}) 18... axb5 19. Qg5+ Ke8 20. Qf6 Nf3 $1 (20... Nf7 21. Qg7 $1 Qe7 22. Nxb5
Ra6 $8 23. Nc7+ $1 Rxc7 24. Qg8+ Qf8 25. Rd8+ $1 Nxd8 26. Rxf8+ Ke7 $13) 21.
gxf3 b4 22. Qh8+ Kf7 23. Qxh7+ Kf6 24. Qh4+ (24. Ne4+ Bxe4 25. fxe4+ Ke5 $1 $19
) 24... Kg7 25. Qxb4 Rxa2 $1 26. Kb1 Ra6 27. Rf2 Nc6 28. Qd6 (28. Qb5 Rca8 29.
Kc1 Ra1+ 30. Nb1 Ba6 $19) 28... Qa5 $1 29. Qd7+ Kh8 30. Kc1 Rd8 (30... Rd8 31.
Qxb7 Qa1+ 32. Nb1 Qxb1+ $1 33. Kxb1 Rxd1#) 0-1

[Event "RUS-ch Higher League 69th"]
[Site "Kolomna"]
[Date "2016.06.28"]
[Round "6"]
[White "Lobanov, Sergei"]
[Black "Khismatullin, Denis Rimovich"]
[Result "1-0"]
[WhiteElo "2433"]
[BlackElo "2623"]
[Annotator "Pavlovic,M"]
[PlyCount "89"]
[EventDate "2016.06.22"]
[EventType "swiss"]
[EventRounds "9"]
[EventCountry "RUS"]
[SourceTitle "CBM 174"]
[Source "ChessBase"]
[SourceDate "2016.09.13"]
[SourceVersion "1"]
[SourceVersionDate "2016.09.13"]
[SourceQuality "1"]

1. e4 c5 2. Nf3 d6 3. d4 cxd4 4. Nxd4 Nf6 5. Nc3 a6 {The Najdorf is nowadays
one of the most popular choices for Black on 1.e4 and with good reason, White
is having tough times finding an advantage.} 6. Bg5 e6 7. f4 Qc7 8. Qf3 b5 9.
O-O-O Bb7 10. Bd3 Nbd7 11. Rhe1 Qb6 12. Nd5 {This old line is popular since my
teenage times. I don't think that this poses any problems to Black.} ({More
critical is} 12. Nb3 Rc8 $5 {The move that Shirov played once against me in
Corsica rapid 2002, I think. Unfortunatly I didn't save that game, but I
remember that I lost.} 13. Bh4 Rxc3 $5 14. bxc3 Qc7 15. Bf2 Be7 16. g4 h6 17.
Qh3 Nc5 18. Nxc5 dxc5 19. e5 Nd5 20. f5 Qa5 $19 {0-1 (27) Husek,M (2195)
-Skalsky,A (1993) Vsetin 2016}) 12... Qxd4 13. Bxb5 Qc5 14. b4 Qc8 15. Nb6 axb5
$5 (15... Qc7 16. Nxa8 Bxa8 17. Ba4 $5 Qc4 18. Bxf6 gxf6 19. Qe3 Qxb4 20. Rd4
Qc5 21. Qd3 Kd8 $5 $13 (21... Bb7 $6 22. Rc4 $16 {1-0 (33) Piorun,K (2445)
-Przybylski,W (2363) Warsaw 2008})) 16. Nxc8 Rxc8 {Sacrificing the queen is a
common theme in this line.} 17. Rd3 $5 {Interesting novelty} (17. Rd4 e5 18.
Rd3 Be7 19. Rc3 O-O 20. Rxc8 Rxc8 21. Qd3 Rc4 22. a4 Rxb4 $15 {0-1 (58)
Decoster,F (2257)-Van Oosterom,C (2401) Netherlands 2007}) 17... d5 18. Bxf6
Nxf6 19. e5 Ne4 $1 ({The tempting} 19... Bxb4 {is probably refuted by} 20. exf6
Bxe1 21. f5 $1 Bh4 22. fxg7 Rg8 23. Qh5 Bf6 24. fxe6 Rxg7 25. Rg3 Rc7 26. Qf3
$1 $16) 20. a3 Be7 21. Qh5 Rc7 22. Kb2 O-O {Black has very strong pieces in
the centre and pressure on the c-line.} 23. Re2 g6 24. Qh6 f6 25. Rh3 Rf7 26.
Rd3 fxe5 27. fxe5 Bg5 $17 28. Qh3 Rf5 29. Rf3 Rxe5 30. g4 Bc6 {This still
keeps the advantage, but Black had the opportunity for} (30... d4 $1 31. Rd3
Bd5 $19) 31. Qf1 Bh6 32. h4 Bg7 33. Kc1 d4 34. Qe1 Bd5 35. Rd3 Bc4 $4 {A big
blunder after which Black is simply lost.} (35... Ra7 $1 {White is holding
only because of the fact that the rook on e5 is not ideally placed, but White
on the other hand has no active moves.} 36. Kb2 Nd6 $1 $19) 36. Rxe4 Bxd3 37.
Rxe5 Rxc2+ 38. Kd1 Rb2 (38... Bxe5 39. Qxe5) 39. Rc5 $18 e5 40. Rc8+ Kf7 41.
Qg3 Be4 42. a4 Rxb4 43. Qf2+ Ke6 44. Qa2+ Kd7 45. Rg8 1-0

[Event "Bundesliga 0304"]
[Site "Germany"]
[Date "2004.03.28"]
[Round "13.4"]
[White "Tischbierek, Raj"]
[Black "Pelletier, Yannick"]
[Result "0-1"]
[WhiteElo "2519"]
[BlackElo "2604"]
[Annotator "Pelletier,Y"]
[PlyCount "54"]
[EventDate "2003.11.01"]
[EventType "team-tourn"]
[EventRounds "15"]
[EventCountry "GER"]
[SourceTitle "EXT 2005"]
[Source "ChessBase"]
[SourceDate "2004.11.15"]
[SourceVersion "1"]
[SourceVersionDate "2004.11.15"]
[SourceQuality "1"]
[WhiteTeam "Kreuzberg"]
[BlackTeam "Werder Bremen"]
[WhiteTeamCountry "GER"]
[BlackTeamCountry "GER"]

1. e4 c5 2. Nc3 d6 3. Nge2 Nf6 4. d4 cxd4 5. Nxd4 a6 6. Bg5 e6 7. f4 h6 8. Bh4
Nbd7 {Diese seltene Zugfolge wurde mir wenige Wochen vor dieser Partie von
Ognjen Cvitan vorgeschlagen.} 9. Qe2 {Komischerweise spielte auch Korneev
gegen Cvitan so. 9.Qf3 und 9.Bc4 sehen stärker aus.} Qc7 10. O-O-O Be7 ({
Logischer ist wohl} 10... b5 {, aber um 9 Uhr morgen war ich weder in Stimmung
noch in Verfassung für Neuerungen...}) 11. Bg3 (11. g4 g5 12. fxg5 Nh7) 11...
g6 $1 12. h3 ({Der vorige schwarze Zug verhinderte e5, man sehe:} 12. e5 dxe5
13. fxe5 Nh5 14. Nf3 Nxg3 15. hxg3 b5 $36) 12... e5 13. fxe5 dxe5 (13... Nxe5 {
spielte Cvitan in der erwähnten Partie aus Nova Gorica (2004) gegen Korneev.
Beide Züge sind gut und führen zu interessantem Spiel.}) 14. Nf3 ({Direkter war
} 14. Nd5 Nxd5 15. exd5 Bd6 {/\ b5!? (trotz Feld c6)}) 14... b5 15. Qd2 ({
Mein Gegner dachte hier lange nach, was mir erlaubte, über die Folgen von} 15.
Nd5 {nachzudenken.} Nxd5 16. Rxd5 (16. exd5 Bd6 17. Re1 Bb7 {und e5 kann nicht
so gut geschlagen werden wegen} 18. Bxe5 Nxe5 19. Nxe5 O-O-O 20. Nc6 Bxc6 21.
dxc6 Qxc6 $36) 16... Bf6 {(/\Bb7)} 17. Rd3 $5 Bb7 18. Rc3 Qa5 $36 {Schwarz
darf zwar nicht mehr langrochieren, aber der Rc3 steht dafür merkwürdig.})
15... Bb7 16. Kb1 (16. Bd3 Bb4 $5) 16... b4 (16... Nxe4 {sieht nach} 17. Nxe4
Bxe4 18. Re1 Bxf3 19. gxf3 {gefährlich aus.}) ({Zudem wusste ich noch nicht,
wo mein König hingehörte.} 16... O-O-O 17. Bd3) 17. Nd5 Nxd5 18. exd5 Bd6 19.
Bh4 ({Nach} 19. Bd3 {hätte ich wohl} O-O-O {ziehen, wobei nach} 20. Rc1 Nc5 {
kompliziertes Spiel entstehen würde.} (20... e4 21. Bxd6 Qxd6 22. Bxe4 Nf6 $11)
(20... f5 $5 $13 21. Nh4 $140 e4 22. Bxd6 Qxd6)) 19... Kf8 20. g4 (20. Bd3 $142
Kg7 (20... Re8 21. Rhf1 $5 e4 $140 22. Nd4) 21. Rhf1 Rhe8 {Schwarz hat hier
die Initiative, aber die Lage bleibt kompliziert.}) 20... Kg7 21. Bf2 $2 ({
Der schwache Textzug erlaubt die Verbesserung meines Springers. Besser wohl} 
21. Bg2 a5 $1 22. Rhf1 (22. Bf2 a4 23. h4 a3 $40) 22... a4 $40) 21... Nf6 22.
Bg2 Nxd5 $1 {Die taktischen Tricks funktionnieren für Schwarz.} 23. Nd4 (23.
Nh4 Rad8 $1 $19 {[%csl Gd5][%cal Gd8d2]}) (23. Ne1 Nc3+ $1 (23... Rhd8 $19) 24.
bxc3 bxc3 $19) 23... Nc3+ $1 24. bxc3 Bxg2 25. Rhg1 Rhd8 $1 ({Genauer als} 
25... bxc3 26. Ne6+ fxe6 27. Qxd6 Qxd6 28. Rxd6 Rhb8+ 29. Kc1 Bd5 30. Rd7+ Kg8
31. Rc7 $17 {, wonach Schwarz noch gut arbeiten müsste.}) 26. cxb4 (26. Rxg2
bxc3 27. Nf5+ gxf5 28. gxf5+ Kh7 29. Qd5 Bf8 $19) (26. Be3 bxc3 (26... Be4 $19)
27. Qxg2 exd4 28. Bxd4+ Be5 29. Bxe5+ Qxe5 30. Ka1 Rxd1+ 31. Rxd1 Rd8 $19) (26.
Bh4 bxc3 27. Qxg2 exd4 $19) 26... Bxb4 27. Qe2 (27. Qxb4 Rab8) (27. Nb5 Bxd2
28. Nxc7 Rab8+) 27... exd4 0-1